Szülőfalum Zsigárd 2. fejezetek a falu múltjából, jelenéből

Bibliographic Details
Main Author: Mészáros, Ilona (Author)
Format: Book
Language:Hungarian
PhysicalDescription:189 strán faksimile, fotografie 22 cm
ISBN:9788089001781 (viazané)
Series:Gyurcsó István Alapítvány Könyvek
Subjects:

MARC

LEADER 00000cam a2200000 a 4500
001 vtls011768262
003 SK-MaSNL
005 20260301143137.0
008 180723s2017 xo ho g 000 0 hun
015 |a SNBA2018/10 
020 |a 9788089001781 (viazané) 
040 |a SNK  |b slo  |c SNK  |e rda 
041 0 |a hun 
043 |a e-xo--- 
044 |a xo  |c SK 
072 7 |a 398  |x Folklór  |2 konspekt 
072 7 |a 911  |x Všeobecná geografia. Systematická geografia  |2 konspekt 
080 |a 398  |2 2011 
080 |a (437.6)  |2 2011 
080 |a (048.8)  |2 2011 
080 |a 911.373  |2 2011 
080 |a 911.375(091)  |2 2011 
100 1 |a Mészáros, Ilona  |4 aut  |9 353319 
245 1 0 |a Szülőfalum Zsigárd 2.  |b fejezetek a falu múltjából, jelenéből  |c Mészáros Ilona 
264 |a Dunaszerdahely  |b Szlovákiaki Magyar Művelődési Intézet  |c 2017 
300 |a 189 strán  |b faksimile, fotografie  |c 22 cm 
336 |a text  |b txt  |2 rdacontent 
337 |a bez média  |b n  |2 rdamedia 
338 |a zväzok  |b nc  |2 rdacarrier 
366 |e 500 kusov 
490 1 |a Gyurcsó István Alapítvány Könyvek  |v 73 
500 |a Na titulnej strane dole uvedené Zsigárd 2017 
650 0 7 |a folklór  |2 SNKPH  |9 19213 
650 0 7 |a Folklore  |2 SNKPHeng  |9 310560 
650 0 7 |a Municipalities  |2 SNKPHeng  |9 266969 
650 0 7 |a dejiny obcí  |2 SNKPH  |9 164834 
650 0 7 |a ľudová slovesnosť  |2 SNKPH  |9 67005 
650 0 7 |a Folk literature  |2 SNKPHeng  |9 286206 
651 7 |a Žihárec (Slovensko)  |2 SNKPHgeo  |9 105722 
651 7 |a Žihárec (Slovakia)  |2 SNKPHeng  |9 358173 
655 7 |a monografie  |2 SNKPH  |9 70139 
655 7 |a Monographs  |2 SNKPHeng  |9 120675 
752 |a Slovensko  |d Dunajská Streda 
830 0 |a Gyurcsó István Alapítvány Könyvek  |9 305197 
852 |a Štátna vedecká knižnica v Banskej Bystrici 
919 |a 978-80-89001-78-1 
958 |a NB 
999 |c 772735  |d 774665 
952 |a SNK  |b SNK  |y PREZ  |7 0  |p 17A1336816  |o snkSC 161362/2  |i snk2018/19836  |8 0  |0 0  |1 0  |4 0  |d 2018-10-02  |f 1  |l 0  |r 2025-08-25 00:00:00  |w 2026-02-24 
952 |a SNK  |b SNK  |y VYP  |7 0  |p 17A1336817  |o snkSC 161362/2 D1  |i snk2018/19837  |8 0  |0 0  |1 0  |4 0  |d 2018-10-02  |l 0  |r 2026-02-24 00:39:56  |w 2026-02-24